[Event "GER Cup Net Final-B U2000"]
[Site "Playchess.com INT"]
[Date "2020.06.06"]
[Round "4"]
[White "Schaller, Torsten"]
[Black "Ochmann, Reimund"]
[Result "1-0"]
[WhiteElo "1970"]
[BlackElo "1880"]
[PlyCount "109"]
[EventDate "2020.06.06"]
[EventType "swiss (blitz)"]
[EventRounds "13"]
[EventCountry "GER"]
[SourceTitle "CBM 197 Extra"]
[Source "ChessBase"]
[SourceDate "2020.09.30"]
[SourceVersion "1"]
[SourceVersionDate "2020.09.30"]
[SourceQuality "1"]

1. d4 d5 2. c4 c6 3. Nf3 Nf6 4. Nc3 dxc4 5. a4 Bf5 6. Ne5 Nbd7 7. Nxc4 Nb6 8. e3 a5 9. Nxb6 Qxb6 10. Be2 e6 11. 0-0 Bb4 12. Bd2 0-0 13. Qb3 Qc7 14. h3 Rad8 15. Rac1 Qb8 16. Rfd1 Rfe8 17. Na2 Bxd2 18. Rxd2 e5 19. Rcd1 exd4 20. Rxd4 Be6 21. Bc4 Rxd4 22. Rxd4 Bxc4 23. Qxc4 h6 24. Nc3 Qe5 25. Qd3 Qc7 26. Kf1 Qb6 27. Qd2 g6 28. Rd6 Nh5 29. g4 Ng7 30. Nd5 Qa6+ 31. Kg1 Kh8 32. Nf6 Rf8 33. Rd8 Ne6 34. Rxf8+ Nxf8 35. Qd4 Ne6 36. Qe5 Qe2 37. Kg2 Qe1 38. Nd7+ Kg8 39. Nf6+ Kf8 40. Qd6+ Kg7 41. Ne8+ Kh7 42. Qe5 Qe2 43. Nd6 Ng5 44. Qf6 Qxb2 45. Qxb2 Ne4 46. Nxe4 h5 47. Qf6 hxg4 48. Qxf7+ Kh6 49. hxg4 b5 50. Qf4+ Kg7 51. axb5 cxb5 52. Qe5+ Kh6 53. Qxb5 a4 54. Qxa4 g5 55. Nxg5 1-0

[Event "GER Cup Net Final-B U2000"]
[Site "Playchess.com INT"]
[Date "2020.06.06"]
[Round "11"]
[White "Schaller, Torsten"]
[Black "Singh, Marcel"]
[Result "0-1"]
[WhiteElo "1970"]
[BlackElo "2030"]
[PlyCount "130"]
[EventDate "2020.06.06"]
[EventType "swiss (blitz)"]
[EventRounds "13"]
[EventCountry "GER"]
[SourceTitle "CBM 197 Extra"]
[Source "ChessBase"]
[SourceDate "2020.09.30"]
[SourceVersion "1"]
[SourceVersionDate "2020.09.30"]
[SourceQuality "1"]

1. d4 e5 2. dxe5 Nc6 3. Nf3 Qe7 4. g3 Nxe5 5. Nxe5 Qxe5 6. Bg2 Nf6 7. c4 Bb4+ 8. Nd2 0-0 9. 0-0 c6 10. Nf3 Qe6 11. a3 Ba5 12. b4 Bc7 13. Qc2 d5 14. Nd4 Qg4 15. Bb2 dxc4 16. Qxc4 Be5 17. Bf3 Qh3 18. Bg2 Qg4 19. Bf3 Qh3 20. e3 Ng4 21. Bxg4 Bxg4 22. f3 Bh5 23. Qe2 Rfe8 24. Qg2 Qxg2+ 25. Kxg2 Rad8 26. Rad1 b6 27. g4 Bg6 28. Ba1 c5 29. Nc6 Rxd1 30. Rxd1 Bxa1 31. Rxa1 Rxe3 32. bxc5 bxc5 33. Rc1 Rxa3 34. Rxc5 h6 35. Ne7+ Kh7 36. Nxg6 Kxg6 37. Rc6+ f6 38. Kg3 a5 39. h4 h5 40. Rc7 hxg4 41. Kxg4 a4 42. h5+ Kh6 43. Ra7 Ra1 44. Ra5 Rg1+ 45. Kf4 Rh1 46. Kg3 Rxh5 47. Rxa4 g6 48. Kg2 Rb5 49. Rd4 Kg5 50. Kg3 Rb3 51. Rc4 f5 52. Rd4 Kh5 53. Ra4 g5 54. Ra2 g4 55. Rf2 Kg5 56. Kg2 f4 57. fxg4 Kxg4 58. Ra2 Rg3+ 59. Kf2 Rh3 60. Kg2 f3+ 61. Kg1 Kg3 62. Ra8 f2+ 63. Kf1 Rh1+ 64. Ke2 f1Q+ 65. Ke3 Qf3+ 0-1

[Event "GER Cup Net V3 U2000"]
[Site "Playchess.com INT"]
[Date "2020.05.27"]
[Round "6"]
[White "Ho, Ngoc Hai Dang"]
[Black "Schaller, Torsten"]
[Result "0-1"]
[WhiteElo "1740"]
[BlackElo "1874"]
[PlyCount "52"]
[EventDate "2020.05.27"]
[EventType "swiss (blitz)"]
[EventRounds "9"]
[EventCountry "GER"]
[SourceTitle "EXT 2021"]
[Source "ChessBase"]
[SourceDate "2020.10.23"]
[SourceVersion "1"]
[SourceVersionDate "2020.10.23"]
[SourceQuality "1"]

1. e4 e5 2. Nf3 Nc6 3. Bc4 Nf6 4. d3 Bc5 5. c3 d6 6. h3 a6 7. Bb3 Ba7 8. Nbd2 Ne7 9. Nf1 Ng6 10. Ng3 Nf4 11. Bxf4 exf4 12. Ne2 Nh5 13. Qd2 g5 14. 0-0-0 Be6 15. Bxe6 fxe6 16. h4 Bxf2 17. Kc2 Be3 18. Qe1 g4 19. Ng5 Qe7 20. Nd4 Bxd4 21. cxd4 h6 22. Qe2 hxg5 23. Qxg4 0-0-0 24. hxg5 Ng7 25. Qxf4 Rxh1 26. Rd2 Rf8 0-1

[Event "GER Cup Net V3 U2000"]
[Site "Playchess.com INT"]
[Date "2020.05.27"]
[Round "4"]
[White "Schoen, Florian"]
[Black "Schaller, Torsten"]
[Result "1-0"]
[WhiteElo "1647"]
[BlackElo "1874"]
[PlyCount "93"]
[EventDate "2020.05.27"]
[EventType "swiss (blitz)"]
[EventRounds "9"]
[EventCountry "GER"]
[SourceTitle "EXT 2021"]
[Source "ChessBase"]
[SourceDate "2020.10.23"]
[SourceVersion "1"]
[SourceVersionDate "2020.10.23"]
[SourceQuality "1"]

1. e4 c5 2. Nc3 g6 3. f4 Bg7 4. Nf3 Nc6 5. Bb5 e6 6. Bxc6 dxc6 7. d3 Qc7 8. 0-0 Ne7 9. Be3 b6 10. Qe1 Bb7 11. e5 Nf5 12. Ne4 0-0-0 13. a4 a5 14. g4 Nxe3 15. Qxe3 Bf8 16. c3 Be7 17. d4 cxd4 18. Nxd4 Rd7 19. Rfb1 Rhd8 20. Rd1 c5 21. Nd6+ Bxd6 22. Nb5 Qb8 23. Nxd6+ Kc7 24. b4 axb4 25. cxb4 c4 26. Rac1 Bd5 27. a5 bxa5 28. Qc5+ Bc6 29. Nb5+ Kc8 30. Qxc6+ Rc7 31. Nd6+ Rxd6 32. Qxd6 axb4 33. Qa6+ Qb7 34. Qxb7+ Kxb7 35. Rb1 b3 36. Kf2 Kb6 37. Ke2 Kb5 38. Kd2 c3+ 39. Kd3 c2 40. Rxb3+ Ka4 41. Rbb1 Rd7+ 42. Kxc2 Rc7+ 43. Kb2 Rb7+ 44. Ka1 Rc7 45. Rd4+ Ka3 46. Rdb4 Rc2 47. R1b3# 1-0

[Event "GER-ch Net Amateur Gr-A Final"]
[Site "Playchess.com INT"]
[Date "2020.04.18"]
[Round "2"]
[White "Huber, Philipp"]
[Black "Schaller, Torsten"]
[Result "1-0"]
[WhiteElo "2098"]
[BlackElo "1987"]
[PlyCount "77"]
[EventDate "2020.04.18"]
[EventType "swiss (blitz)"]
[EventRounds "13"]
[EventCountry "GER"]
[SourceTitle "CBM 195 Extra"]
[Source "ChessBase"]
[SourceDate "2020.05.31"]
[SourceVersion "1"]
[SourceVersionDate "2020.05.31"]
[SourceQuality "1"]

1. d4 Nf6 2. Bg5 Ne4 3. h4 d5 4. Nd2 Nxd2 5. Qxd2 Bf5 6. e3 h5 7. Bd3 Bxd3 8. Qxd3 Qd7 9. Nf3 Nc6 10. 0-0 g6 11. c4 dxc4 12. Qxc4 Bg7 13. Rac1 Rc8 14. Qb5 Rb8 15. d5 Ne5 16. Qxd7+ Kxd7 17. Bf4 Nxf3+ 18. gxf3 Rbc8 19. Rfd1 Bf6 20. Bg3 Bxb2 21. Rb1 Ba3 22. Rxb7 Bd6 23. Rc1 Ra8 24. Bxd6 Kxd6 25. Rcxc7 Kxd5 26. Rxe7 Rhf8 27. Rxa7 Rxa7 28. Rxa7 Ke6 29. Kg2 Rb8 30. a4 Rb4 31. Kg3 Rb1 32. a5 Rg1+ 33. Kh2 Ra1 34. a6 Ra2 35. Kg2 Ra4 36. Ra8 Rxh4 37. a7 Ra4 38. Re8+ Kf6 39. a8Q 1-0

[Event "GER-ch Net Amateur Gr-A Final"]
[Site "Playchess.com INT"]
[Date "2020.04.18"]
[Round "8"]
[White "Reichel, Jonathan"]
[Black "Schaller, Torsten"]
[Result "1-0"]
[WhiteElo "1971"]
[BlackElo "1987"]
[PlyCount "49"]
[EventDate "2020.04.18"]
[EventType "swiss (blitz)"]
[EventRounds "13"]
[EventCountry "GER"]
[SourceTitle "CBM 195 Extra"]
[Source "ChessBase"]
[SourceDate "2020.05.31"]
[SourceVersion "1"]
[SourceVersionDate "2020.05.31"]
[SourceQuality "1"]

1. e4 e5 2. Nf3 Nc6 3. Bb5 a6 4. Ba4 Nf6 5. d3 b5 6. Bb3 Bc5 7. 0-0 d6 8. c3 Bb6 9. Nbd2 Bg4 10. h3 Bh5 11. Re1 Na5 12. Bc2 c5 13. Nf1 Nc6 14. Ng3 Bg6 15. Nh4 Ne7 16. Qf3 Qd7 17. Bg5 Nfg8 18. a4 b4 19. a5 Bd8 20. Nhf5 Bxf5 21. Nxf5 Nxf5 22. Ba4 Qxa4 23. Rxa4 Bxg5 24. exf5 Bd2 25. Qxa8+ 1-0

[Event "GER-ch Net Amateur Gr-A Vor1"]
[Site "Playchess.com INT"]
[Date "2020.04.14"]
[Round "4"]
[White "Schaller, Torsten"]
[Black "Marcziter, Dmitrii"]
[Result "1-0"]
[WhiteElo "1884"]
[BlackElo "2030"]
[PlyCount "65"]
[EventDate "2020.04.14"]
[EventType "swiss (blitz)"]
[EventRounds "9"]
[EventCountry "GER"]
[SourceTitle "EXT 2021"]
[Source "ChessBase"]
[SourceDate "2020.10.23"]
[SourceVersion "1"]
[SourceVersionDate "2020.10.23"]
[SourceQuality "1"]

1. d4 Nf6 2. c4 g6 3. Nc3 Bg7 4. e4 d6 5. h3 0-0 6. Bg5 h6 7. Be3 c5 8. d5 e6 9. Qd2 exd5 10. exd5 Re8 11. Bd3 Nbd7 12. f4 a6 13. a4 Rb8 14. Nge2 Qe7 15. Bf2 b5 16. axb5 axb5 17. Nxb5 Nb6 18. Ra7 Rb7 19. Rxb7 Bxb7 20. 0-0 Rd8 21. b4 Nbd7 22. Re1 Ne4 23. Bxe4 Qxe4 24. Nxd6 Qe7 25. Nxb7 cxb4 26. Nxd8 Qxd8 27. Qxb4 Nf6 28. Bd4 Qe8 29. Ng3 Qa8 30. Qe7 Nxd5 31. Qe8+ Qxe8 32. Rxe8+ Kh7 33. Bxg7 1-0

[Event "GER-ch Net Amateur Gr-A Vor1"]
[Site "Playchess.com INT"]
[Date "2020.04.14"]
[Round "7"]
[White "Schaller, Torsten"]
[Black "Serrer, Christoph"]
[Result "1/2-1/2"]
[WhiteElo "1884"]
[BlackElo "2079"]
[PlyCount "49"]
[EventDate "2020.04.14"]
[EventType "swiss (blitz)"]
[EventRounds "9"]
[EventCountry "GER"]
[SourceTitle "EXT 2021"]
[Source "ChessBase"]
[SourceDate "2020.10.23"]
[SourceVersion "1"]
[SourceVersionDate "2020.10.23"]
[SourceQuality "1"]

1. d4 Nf6 2. c4 c5 3. Nf3 cxd4 4. Nxd4 g6 5. Nc3 Bg7 6. e4 d6 7. Be2 Nc6 8. Be3 0-0 9. 0-0 Nxd4 10. Bxd4 Bd7 11. Rc1 Bc6 12. f3 a5 13. Nd5 e6 14. Nxf6+ Bxf6 15. Qd2 Bxd4+ 16. Qxd4 e5 17. Qd2 Qb6+ 18. Kh1 Rad8 19. Rfd1 a4 20. Rc3 Rd7 21. Rd3 Rfd8 22. Qc3 f5 23. exf5 gxf5 24. Qa3 Qc5 25. Qxc5 1/2-1/2

[Event "GER-ch Net Amateur Gr-A Vor1"]
[Site "Playchess.com INT"]
[Date "2020.04.14"]
[Round "1"]
[White "Schneider, Bernd"]
[Black "Schaller, Torsten"]
[Result "1-0"]
[WhiteElo "2602"]
[BlackElo "1884"]
[PlyCount "61"]
[EventDate "2020.04.14"]
[EventType "swiss (blitz)"]
[EventRounds "9"]
[EventCountry "GER"]
[SourceTitle "EXT 2021"]
[Source "ChessBase"]
[SourceDate "2020.10.23"]
[SourceVersion "1"]
[SourceVersionDate "2020.10.23"]
[SourceQuality "1"]

1. c4 c5 2. Nc3 g6 3. Nf3 Bg7 4. d4 cxd4 5. Nxd4 Nc6 6. Nc2 Nf6 7. g3 d6 8. Bg2 0-0 9. 0-0 Be6 10. b3 Rc8 11. Bb2 Qd7 12. Nd5 Ne8 13. Bxg7 Kxg7 14. Qd2 Bh3 15. e4 Bxg2 16. Kxg2 Nc7 17. Nce3 Nxd5 18. exd5 Ne5 19. f4 Ng4 20. Nxg4 Qxg4 21. Rae1 Rce8 22. Qd4+ f6 23. Qxa7 Qd7 24. Re2 h5 25. h3 Ra8 26. Qe3 Rf7 27. a4 Rh8 28. Rfe1 Qc7 29. Qxe7 Rxe7 30. Rxe7+ Qxe7 31. Rxe7+ 1-0

[Event "GER-ch Net blitz qual3"]
[Site "Playchess.com INT"]
[Date "2020.03.21"]
[Round "6"]
[White "Schaller, Torsten"]
[Black "Scheele, Marcus"]
[Result "1-0"]
[WhiteElo "2025"]
[BlackElo "2170"]
[PlyCount "65"]
[EventDate "2020.03.21"]
[EventType "swiss (blitz)"]
[EventRounds "9"]
[EventCountry "GER"]
[SourceTitle "CBM 195 Extra"]
[Source "ChessBase"]
[SourceDate "2020.05.31"]
[SourceVersion "1"]
[SourceVersionDate "2020.05.31"]
[SourceQuality "1"]

1. d4 g6 2. e4 Bg7 3. Nc3 d6 4. f4 a6 5. Nf3 b5 6. Bd3 Nd7 7. 0-0 Bb7 8. d5 Ngf6 9. h3 0-0 10. Be3 c5 11. dxc6 Bxc6 12. a3 Nc5 13. Bxc5 dxc5 14. e5 Nh5 15. Ne2 c4 16. g4 cxd3 17. cxd3 Qb6+ 18. Kg2 Nxf4+ 19. Nxf4 Bxe5 20. Qd2 Qb7 21. Rae1 Bf6 22. d4 Rad8 23. Kg3 Bxf3 24. Rxf3 Rxd4 25. Qe3 Qc7 26. Kg2 Rfd8 27. Ne2 Rd3 28. Qe4 Rxf3 29. Qxf3 Qc2 30. b3 Rd2 31. Kf1 Bh4 32. Rc1 Qxb3 33. Qxb3 1-0

[Event "GER-ch Net blitz qual1"]
[Site "Playchess.com INT"]
[Date "2020.03.07"]
[Round "4"]
[White "Schaller, Torsten"]
[Black "Hartmann, Lasse Elias"]
[Result "1-0"]
[WhiteElo "2025"]
[BlackElo "1620"]
[PlyCount "75"]
[EventDate "2020.03.07"]
[EventType "swiss (blitz)"]
[EventRounds "9"]
[EventCountry "GER"]
[SourceTitle "CBM 195 Extra"]
[Source "ChessBase"]
[SourceDate "2020.05.31"]
[SourceVersion "1"]
[SourceVersionDate "2020.05.31"]
[SourceQuality "1"]

1. d4 c5 2. d5 d6 3. e4 e5 4. Bb5+ Bd7 5. a4 a6 6. Bd3 Nf6 7. Nc3 Be7 8. Nf3 0-0 9. 0-0 h6 10. Nd2 Bg4 11. f3 Bh5 12. Nc4 Qc7 13. Be3 Nbd7 14. Qe2 Bg6 15. Bf2 Nh5 16. g3 f5 17. exf5 Bxf5 18. Bxf5 Rxf5 19. Ne4 Rf7 20. f4 Nxf4 21. gxf4 exf4 22. Kh1 Raf8 23. Qg4 b5 24. axb5 axb5 25. Ncd2 Rf5 26. Nf3 Qb7 27. Rg1 g5 28. Rad1 Ne5 29. Nxe5 Rxe5 30. Qh5 Kh7 31. Nc3 b4 32. Ne2 f3 33. Ng3 Rxd5 34. Rxd5 Qxd5 35. Re1 Qd2 36. Ne4 Qxe1+ 37. Bxe1 f2 38. Bxf2 1-0

[Event "Ruhrgebiet Regionalliga 1718"]
[Site "Germany"]
[Date "2018.03.04"]
[Round "7.5"]
[White "Graw, Christopher"]
[Black "Schaller, Torsten"]
[Result "1-0"]
[WhiteElo "2163"]
[BlackElo "1972"]
[PlyCount "71"]
[EventDate "2017.10.01"]
[EventType "team-tourn"]
[EventRounds "9"]
[EventCountry "GER"]
[SourceTitle "EXT 2022"]
[Source "ChessBase"]
[SourceDate "2021.10.06"]
[SourceVersion "1"]
[SourceVersionDate "2021.10.06"]
[SourceQuality "1"]
[WhiteTeam "Sodingen/Castrop SK"]
[BlackTeam "Welper SV"]
[WhiteTeamCountry "GER"]
[BlackTeamCountry "GER"]

1. c4 Nf6 2. Nc3 e5 3. Nf3 Nc6 4. e3 Be7 5. d4 exd4 6. exd4 d5 7. cxd5 Nxd5 8. Qb3 Be6 9. Bc4 Bb4 10. 0-0 Bxc3 11. bxc3 0-0 12. Ng5 Qd7 13. Ba3 Rfe8 14. Nxe6 fxe6 15. Bd3 Nf4 16. Be4 Rab8 17. Rae1 Kh8 18. Qc2 g6 19. Bc1 Rf8 20. g3 Nh5 21. Re2 Qf7 22. Rfe1 Nd8 23. Bh6 Rg8 24. Qd2 c6 25. c4 Nf6 26. Bg2 b5 27. d5 cxd5 28. cxd5 Re8 29. Qd4 Kg8 30. Bc1 Rb6 31. Bb2 Rf8 32. Bh3 Rd6 33. Rxe6 Nxe6 34. Bxe6 Rxe6 35. Rxe6 Kg7 36. Qe5 1-0

[Event "Ruhrgebiet Regionalliga 1718"]
[Site "Germany"]
[Date "2017.12.10"]
[Round "4.8"]
[White "Jacubowski, Andreas"]
[Black "Schaller, Torsten"]
[Result "1/2-1/2"]
[WhiteElo "1877"]
[BlackElo "1972"]
[PlyCount "74"]
[EventDate "2017.10.01"]
[EventType "team-tourn"]
[EventRounds "9"]
[EventCountry "GER"]
[SourceTitle "EXT 2022"]
[Source "ChessBase"]
[SourceDate "2021.10.06"]
[SourceVersion "1"]
[SourceVersionDate "2021.10.06"]
[SourceQuality "1"]
[WhiteTeam "Horst Emscher"]
[BlackTeam "Welper SV"]
[WhiteTeamCountry "GER"]
[BlackTeamCountry "GER"]

1. e4 c5 2. Nf3 e6 3. c4 Nc6 4. Nc3 Nf6 5. g3 d5 6. cxd5 exd5 7. exd5 Nxd5 8. Qe2+ Be7 9. Bg2 0-0 10. 0-0 Ndb4 11. Ne1 Nd4 12. Qd1 Bf5 13. Be4 Bxe4 14. Nxe4 Qd5 15. Nc3 Qf5 16. d3 Rad8 17. Be3 c4 18. Bxd4 Rxd4 19. Qe2 Bf6 20. dxc4 Rfd8 21. Nf3 Rd3 22. Kg2 g5 23. Rfd1 Bxc3 24. bxc3 Nc6 25. Rxd3 Rxd3 26. Rc1 g4 27. Nh4 Qd7 28. Qe4 Ne7 29. Re1 Qc6 30. Qxc6 Nxc6 31. Nf5 h5 32. Ne7+ Kg7 33. Nxc6 bxc6 34. Re5 Kg6 35. Rc5 Rd6 36. Ra5 Rd7 37. Rc5 Rd6 1/2-1/2

[Event "Ruhrgebiet Regionalliga 1617"]
[Site "Germany"]
[Date "2016.11.06"]
[Round "3.6"]
[White "Simanowski, Mio"]
[Black "Schaller, Torsten"]
[Result "1/2-1/2"]
[WhiteElo "1948"]
[BlackElo "2020"]
[PlyCount "69"]
[EventDate "2016.09.11"]
[EventType "team-tourn"]
[EventRounds "9"]
[EventCountry "GER"]
[SourceTitle "EXT 2022"]
[Source "ChessBase"]
[SourceDate "2021.10.06"]
[SourceVersion "1"]
[SourceVersionDate "2021.10.06"]
[SourceQuality "1"]
[WhiteTeam "Muelheim Nord III"]
[BlackTeam "Welper SV"]
[WhiteTeamCountry "GER"]
[BlackTeamCountry "GER"]

1. e4 c5 2. Nf3 e6 3. d4 cxd4 4. Nxd4 Nc6 5. Nxc6 bxc6 6. Bd3 d5 7. exd5 exd5 8. c4 Nf6 9. Nc3 d4 10. Ne4 Be7 11. Nxf6+ Bxf6 12. Qe2+ Qe7 13. Qxe7+ Kxe7 14. Be4 Be6 15. b3 Kd7 16. Ba3 Rhe8 17. 0-0 Rac8 18. Rae1 c5 19. f4 Kd8 20. Rf2 Bf5 21. Rfe2 Bg4 22. Bf3 Rxe2 23. Bxe2 Bxe2 24. Rxe2 Kd7 25. g4 h6 26. Kf2 Kc6 27. Kg3 Rd8 28. Bc1 d3 29. Rg2 Re8 30. Bd2 Bd4 31. Kf3 g6 32. h3 Re7 33. Rh2 Bg1 34. Rg2 Bd4 35. Rh2 1/2-1/2